Pinagyamang Pluma 10 : (Record no. 5414)

MARC details
000 -LEADER
fixed length control field 00926nam a22002537a 4500
003 - CONTROL NUMBER IDENTIFIER
control field OSt
005 - DATE AND TIME OF LATEST TRANSACTION
control field 20251104031953.0
008 - FIXED-LENGTH DATA ELEMENTS--GENERAL INFORMATION
fixed length control field 251103b |||||||| |||| 00| 0 eng d
020 ## - INTERNATIONAL STANDARD BOOK NUMBER
International Standard Book Number 978-971-06-5944-9
040 ## - CATALOGING SOURCE
Original cataloging agency DWCL - Main Lib
Transcribing agency OC
082 ## - DEWEY DECIMAL CLASSIFICATION NUMBER
Edition number 4th
Classification number Res. 899.211 B163p 2023
100 ## - MAIN ENTRY--PERSONAL NAME
Personal name Baisa-Julian, Ailene G. [and four others]
245 ## - TITLE STATEMENT
Title Pinagyamang Pluma 10 :
Remainder of title Napapanahong Kaalaman sa Wika at Panitikan /
Statement of responsibility, etc. Ailene G. Baisa-Julian [and four others]
250 ## - EDITION STATEMENT
Edition statement 4th
260 ## - PUBLICATION, DISTRIBUTION, ETC.
Place of publication, distribution, etc. Quezon City, Philippines :
Name of publisher, distributor, etc. Phoenix Publishing House,
Date of publication, distribution, etc. c2023.
300 ## - PHYSICAL DESCRIPTION
Extent xxiii, 588 pages :
Other physical details illustrations ;
Dimensions 25cm.
504 ## - BIBLIOGRAPHY, ETC. NOTE
Bibliography, etc. note Includes bibliographical references and index.
650 ## - SUBJECT ADDED ENTRY--TOPICAL TERM
Topical term or geographic name entry element 1. Filipino - Study and Teaching
700 ## - ADDED ENTRY--PERSONAL NAME
Personal name I. Mary Grace G. Del Rosario
700 ## - ADDED ENTRY--PERSONAL NAME
Personal name II. Emily V. Marasigan
700 ## - ADDED ENTRY--PERSONAL NAME
Personal name III. Nestor S. Lontoc
700 ## - ADDED ENTRY--PERSONAL NAME
Personal name IV. Alma M. Dayag
942 ## - ADDED ENTRY ELEMENTS (KOHA)
Source of classification or shelving scheme Dewey Decimal Classification
Koha item type Book- Reserved
Edition 4th
Call number suffix Res.
Suppress in OPAC No
952 ## - LOCATION AND ITEM INFORMATION (KOHA)
--
952 ## - LOCATION AND ITEM INFORMATION (KOHA)
--
Holdings
Withdrawn status Lost status Source of classification or shelving scheme Damaged status Not for loan Home library Current library Shelving location Date acquired Source of acquisition Total Checkouts Full call number Barcode Date last seen Copy number Price effective from Koha item type Uniform Resource Identifier
    Dewey Decimal Classification     Junior High School Library Junior High School Library Reserved 08/14/2023 School Fund   Res. 899.211 B163p 2023 JHS - 21185 11/03/2025 c2 11/03/2025 BK-0 CIRC
    Dewey Decimal Classification     Junior High School Library Junior High School Library Reserved 08/14/2023 School Fund   Res. 899.211 B163p 2023 JHS - 21184 11/03/2025 c1 11/03/2025 BK-0 CIRC